| 000 | 00000nam##2200000za#4500 |
| 001 | 9.610561 |
| 003 | CaOODSP |
| 005 | 20200327171805 |
| 007 | ta |
| 008 | 150406|1993||||xxc||||| f|0| 0 eng|d |
| 020 | |a0-662-20866-8 |
| 022 | |a1188-8903 |
| 040 | |aCaOODSP|beng |
| 043 | |an-cn--- |
| 086 | 1 |aEn1-17/10-1993E |
| 110 | 1 |aCanada. |bEnvironment Canada. |bEnvironmental Protection Service. |
| 245 | 10|aContaminated sediment: guide to assessing and selecting treatment technologies for contaminated sediment / |cby Jean-René Michaud. |
| 260 | |bEnvironment Canada. |c1993. |
| 300 | |a4p. : |bcoloured figs., tables ; |c28 cm. |
| 490 | 1 |aSt. Lawrence technologies|x1188-8903 |
| 563 | |aPamphlet |
| 590 | |a95-29|b1995-07-21 |
| 690 | 07|aWaste management|2gcpds |
| 720 | 1 |aMichaud, Jean-René |
| 775 | 08|tSédiments contaminés: guide pour l'évaluation et le choix des technologies de traitement des sédiments contaminés / |w(CaOODSP)9.622213 |
| 776 | 0#|tContaminated sediment. Guide to assessing and selecting treatment technologies for contaminated sediment |w(CaOODSP)9.571216 |
| 830 | #0|aSt. Lawrence technologies,|x1188-8903|w(CaOODSP)9.514532 |